[Event "Zweibruecken PSB-ch HT3 82nd"]
[Site "Zweibruecken"]
[Date "2013.03.22"]
[Round "1"]
[White "Christiani, Joerg"]
[Black "Haugner, Jan"]
[Result "1-0"]
[WhiteElo "1874"]
[BlackElo "1561"]
[PlyCount "49"]
[EventDate "2013.??.??"]
[EventType "swiss"]
[EventRounds "7"]
[EventCountry "GER"]
[SourceTitle "EXT 2014"]
[Source "ChessBase"]
[SourceDate "2013.11.20"]
[SourceVersion "1"]
[SourceVersionDate "2013.11.20"]
[SourceQuality "1"]

1. e4 c5 2. b4 e6 3. bxc5 Bxc5 4. d4 Be7 5. Nf3 Nf6 6. Bd3 d5 7. e5 Nfd7 8. c3 0-0 9. 0-0 a6 10. Ba3 Bxa3 11. Nxa3 b5 12. Nc2 Nb6 13. Ne3 h6 14. h4 Qc7 15. h5 Qxc3 16. Rc1 Qa5 17. Bb1 N8d7 18. Qd3 f5 19. exf6 Nxf6 20. Ne5 Nbd7 21. N3g4 Qd8 22. Nxh6+ gxh6 23. Qg6+ Kh8 24. Qxh6+ Kg8 25. Rc3 1-0